000 00363nam a2200121Ia 4500
008 190216s9999||||xx |||||||||||||| ||und||
100 _aSrivastava Al
245 0 _aHistory Of Modern India
260 _bShivlal Agarwala & Com
_c1969
300 _a248p
650 _aIndian History-Modern India-Indian History-Modern India-Indian History-Modern India
942 _cBK
999 _c19849
_d19849